Statistics for Halcyon discography

Click here to take the quiz!

General Stats

  • This quiz has been taken 3 times
  • The average score is 112 of 159

Answer Stats

HintAnswer% Correct
I72deep2goback
100%
Akeos & I7Angel portal
100%
kozmoz & oolacileautonetic
100%
automhateback from the future
100%
mad dubz, vayre, phononbagnar
100%
mad dubzblem
100%
DDDcall me first
100%
I7catwalk
100%
stasysche che
100%
phonon & benjamin franciscollusion
100%
cripplinggcolors
100%
phononconic sections
100%
octanecyber funk
100%
automhatedaemons
100%
nuu$hidancing in the rain
100%
eliderp & enesaidestination
100%
octanedigital ion
100%
bvssicdisgust
100%
mad dubzdn
100%
oolaciledreams
100%
automhateego stream
100%
phononemme
100%
leotrixemoboy303
100%
oolacileendurance
100%
mr. bill, phonon, oolacileexodus
100%
jedwill, camoufly, qwastongarden
100%
triniglass man
100%
nuu$hi & moyashiglitter
100%
octane & hexagyhexane
100%
vorsohonx
100%
oolacilehopele555
100%
bvssichyperdeath
100%
nuu$hiicarus
100%
voltrainstance
100%
trypleitalian riddim
100%
cannajewels
100%
kozmozlights
100%
mad dubzluvlee
100%
oolacile & aweminusmind scanner
100%
automhatemotion-e
100%
aweminusmud
100%
octanenanoprisma
100%
octanenow i'm lost
100%
I7obsidian
100%
aweminuspacman bullshit
100%
hukaequeue tip
100%
mad dubzresonator
100%
musarest
100%
qwastonride&back&home
100%
triniromantic story
100%
aweminussea shanty
100%
I7sector one
100%
muertesleep puppet
100%
automhatesolo
100%
canna | trini & ulwu.nitestarfall
100%
bvssic & staysicksupervision
100%
grape milkthe comedown
100%
automhatetonal riddim
100%
DDDtravel away
100%
trini & cripplinggtrip
100%
nuu$hitsubaki
100%
automhateuplift
100%
octane & lunnariup to you
100%
svdden deathutah
100%
octanevalence beam
100%
sanjauxventure
100%
mad dubzwacky slime
100%
delto & canna4get
67%
oolacileabsynth
67%
kozmozakira
67%
stasysancient
67%
oolacileaqua
67%
bvssicascension
67%
eliderpblade
67%
I7bored
67%
soraby myself
67%
cannacelestia
67%
sorachanges
67%
nuu$hidream&blue
67%
I7e-co
67%
trypleeuforia
67%
qwastoneveryone just kinda knows
67%
cannaextragalactic
67%
oolacileeyes of god
67%
nuu$hifairy tale
67%
tryplefragile
67%
DDDglass heart
67%
qwastongleichgewicht
67%
oolacilehades
67%
alydiankurota
67%
oolacilelifeform
67%
tryplelimbo
67%
nuu$hilouis
67%
lalanoiluminous flux
67%
bvssicmalfunction
67%
vayremanda
67%
underbellymatches
67%
oolacile & cannamemory cleanser
67%
soramiss u
67%
kozmoznova
67%
vayreolig
67%
kozmoz & 2scoopspersonal reality
67%
eliderppetrify
67%
bvssic & kyurraphantom touch
67%
sorapressure
67%
tryplepsychedelic
67%
qwastonrealize
67%
bvssic & muertesix feet under
67%
sakasouffle
67%
DDDsoulbound
67%
oolacilespinning
67%
sorasunrise
67%
oolacilesuperposition
67%
bvssictea break
67%
cannaunbound
67%
bvssicunison
67%
I7vii
67%
vayre, stasys, alydianwavefront
67%
sora & oolacilewreck
67%
underbellyadult personalities
33%
eliderpcan't explain
33%
oolacilecognition
33%
oolacileconsciousness
33%
kozmozdistant planets
33%
underbelly & t.a. mayerdrumroll deletist
33%
oolacileelectric circus
33%
oolacileexit
33%
eliderp & knoirfly so high
33%
octaneionization status
33%
qwastonleave me alone
33%
phritzlimeade
33%
bvssiclockjaw
33%
nuu$hilost memories
33%
oolacilemedical mechanica
33%
trinimiss ya
33%
octaneparticle chroma
33%
trinistrecondite
33%
oolacilerestart
33%
oolacilesaviour
33%
stasysseismic
33%
oolacilesentience
33%
bvssic & staysicksoul taker
33%
oolacilethe question
33%
underbellyturtleneck training
33%
nuu$hiunrequited
33%
flood, avit, emotionalswhat u wanted
33%
vayrebeyond
0%
stasysbovel & buwar
0%
phritzclose enough
0%
oolacilecloud mind
0%
oolacilecollapse
0%
nuu$hidaydreamer
0%
oolacilegateway
0%
trinihow u like me
0%
oolacilelost & found
0%
stasysreefglide
0%
underbellyseeing it unsaid
0%
vayretrace
0%

Score Distribution

Percentile by Number Answered

Percent of People with Each Score

Your Score History

You have not taken this quiz